Mass transit bus maintenance programs : are theses [i.e. these] governmental investments being maintained, efficiently and cost effectively? : issues and analysis /

Saved in:
Bibliographic Details
Corporate Author: New York (State). Legislature. Legislative Commission on Critical Transportation Choices.
Other Authors: Levy, Norman J.
Format: Book
Language:English
Published: [Albany, N.Y.] : The Commission, [1986]
Subjects:
Tags: Add Tag
No Tags, Be the first to tag this record!
LEADER 01042nam a2200253 a 4500
001 001391663-7
005 20020606090541.3
008 880202s1986 nyua b s00010 eng
010 |a  87620571  
035 0 |a ocm13568313 
040 |a DLC  |c DLC  |d HLS 
043 |a n-us-ny 
050 0 |a TL232.2  |b .N49 1986 
082 0 |a 388.4/1322/0288  |2 19 
110 1 |a New York (State).  |b Legislature.  |b Legislative Commission on Critical Transportation Choices. 
245 1 0 |a Mass transit bus maintenance programs :  |b are theses [i.e. these] governmental investments being maintained, efficiently and cost effectively? : issues and analysis /  |c Norman J. Levy, chairman ; Legislative Commission on Critical Transportation Choices, State of New York. 
260 0 |a [Albany, N.Y.] :  |b The Commission,  |c [1986] 
300 |a iii, 132 p. :  |b ill. ;  |c 28 cm. 
500 |a "February 1986." 
504 |a Includes bibliographical references. 
650 0 |a Buses  |z New York (State)  |x Maintenance and repair. 
700 1 |a Levy, Norman J. 
988 |a 20020608 
906 |0 DLC